000 02828cam a2200445Li 4500
001 ocn892161376
003 OCoLC
005 20200320192918.0
008 140801s2014 nyu 000 1 eng d
010 _a 2014020264
020 _a9780553419559 (hardcover)
020 _a0553419552 (hardcover)
020 _z9780553419573 (ebook)
035 _a(OCoLC)892161376
040 _aYDXCP
_beng
_erda
_cYDXCP
_dOCLCO
_dWACOL
049 _aWACL
050 0 0 _aPR6060.A32
_bJ12 2014
082 0 0 _a823/.914
_223
084 _aFIC019000
_aFIC046000
_2bisacsh
100 1 _aJacobson, Howard,
_eauthor.
_919576
245 1 0 _aJ :
_ba novel /
_cHoward Jacobson.
250 _aFirst edition.
264 1 _aNew York :
_bHogarth,
_c[2014]
300 _a342 pages ;
_c25 cm
336 _atext
337 _aunmediated
338 _avolume
520 _a"A profound, darkly comedic parable set in a future where collective memory has vanished following a historic catastrophe, and one young couple's love affair could have shattering consequences for the human race. In a world where the past is a dangerous country, not to be talked about or visited, J is a love story of incomparable strangeness, both tender and terrifying. After the devastation of WHAT HAPPENED, IF IT HAPPENED, all that should remain is peace and prosperity. Everyone knows his or her place; all actions are out in the open. But Esme Nussbaum has seen the distorted realities, the fissures that have only widened in the twenty-plus years since she was forced to resign from her position at the monitor of the Public Mood. Now, Esme finds something strange and special developing in a romance between Ailinn Solomons and Kevern Cohen. As this unusual pair's actions draw them into ever-increasing danger, Esme realizes she must do everything in her power to keep them together--whatever the cost. With a sense of the dramatic sweep of Michael Ondaatje and the dystopian, literary sensibility of Margaret Atwood, Howard Jacobson's J is an astonishing feat of fiction. In this exquisitely written, beautifully playful and imaginative, and terribly heart-breaking work, Jacobson gathers his prodigious gifts for the crowning achievement of a remarkable career"--
_cProvided by publisher.
650 7 _aFICTION / Literary.
_2bisacsh
_95675423
650 7 _aFICTION / Jewish.
_2bisacsh
_95716664
650 0 _aFuture life
_vFiction.
_95681164
655 7 _aBlack humor (Literature)
_2gsafd
_9102652
655 7 _aDystopias.
_2gsafd
_9102637
655 7 _aLove stories.
_2gsafd
_95892190
938 _aYBP Library Services
_bYANK
_n11891126
942 _cBOOK
_09
948 _a10/15/2014
_zSirsi
994 _a02
_bWACOL
996 _a113123
_b34301001390733
_cF
_dbk
_ewcl
_fi
_g9
_h25.00
_lamazon
_mJac
_p10/15/2014
_q01/04/2019
_r12/14/2018
999 _c284844
_d284844